| 000 | 00564nam a22001577a 4500 | ||
|---|---|---|---|
| 003 | OSt | ||
| 005 | 20220107122757.0 | ||
| 008 | 150326b xxu||||| |||| 00| 0 eng d | ||
| 040 | _c | ||
| 100 |
_aMuhassin Babu M M (92212011) _96263 |
||
| 245 | _aMathematical modeling and analysis of tropical cyclones over the Indian ocean | ||
| 502 |
_bMSc. Computational Science _c2012 - 2014 _dINT _eManoj Kumar T K _fRakesh V (CSIR-4PI) _g"CSIR-4PI, Bangalore" |
||
| 650 |
_aMATHEMATICAL MODELING _96264 |
||
| 650 |
_aWEATHER RESEACH AND FORECASTING MODEL _96297 |
||
| 942 |
_2ddc _cPR |
||
| 999 |
_c4555 _d4555 |
||